01020cam a22002654a 450000100090000000300040000900500170001300800410003001000170007102000200008804000180010804200080012605000200013410000360015424501030019025000120029326000630030530000420036850400640041065000250047490600450049994200160054499900170056095201770057712179174OSt20210923125648.0000920s2001 tnuab b 001 0 eng  a 00048628  a0805423982 (pb) aDLCcDLCdDLC apcc00aBT65b.D62 20011 aDorman, Theodore Martin.95229712aA faith for all seasons ;bhistoric Christian belief in its classical expression /cTed M. Dorman. a2nd ed. aNashville, Tenn. :bBroadman & Holman Publishers,cc 2001. axxiii, 374 p. :bill., maps ;c23 cm. aIncludes bibliographical references (p. 359-367) and index. 0aTheology, Doctrinal. a7bcbccorignewd1eocipf20gy-gencatlg 2lcccAFR(G) c66765d66739 00102lcc40708GENaCPLbCPLcGENd2021-07-26eDonation - Dr. John Dilworthg30.00l1oBT 65.D62 2001pT15764W3232r2023-10-18 09:52:37s2023-10-05t1w2021-09-23yAFR(G)